[Event "Titled Tuesday intern op 06th May Early"]
[Site "Chess.com INT"]
[Date "2025.05.06"]
[Round "5"]
[White "Setumadhav, Yellumahanthi"]
[Black "Altynbek, Aiaru"]
[Result "0-1"]
[WhiteElo "2254"]
[BlackElo "1977"]
[PlyCount "66"]
[EventDate "2025.05.06"]
[EventType "swiss (blitz)"]
[EventRounds "11"]
[EventCountry "USA"]
[SourceTitle "CB20_2025"]
[SourceDate "2025.05.14"]
[SourceVersion "1"]
[SourceVersionDate "2025.05.14"]
[SourceQuality "1"]

1. e4 c6 2. d4 d5 3. exd5 cxd5 4. Bd3 Nc6 5. c3 Nf6 6. Bf4 Bg4 7. Qb3 Qd7 8. Nd2 e6 9. Ngf3 Bd6 10. Bxd6 Qxd6 11. 0-0 0-0 12. Rae1 Ne7 13. Ne5 Rab8 14. Re3 Bf5 15. Qc2 b5 16. Bxf5 Nxf5 17. Rh3 h6 18. g4 Ne7 19. f4 Nh7 20. Kh1 f5 21. g5 hxg5 22. Rxh7 Kxh7 23. Ndf3 g4 24. Ng5+ Kg8 25. Rg1 Rf6 26. Rxg4 Ng6 27. Rg1 Nxf4 28. Qf2 Ng6 29. Qg3 f4 30. Qh3 Kf8 31. Nxg6+ Rxg6 32. Qh5 e5 33. dxe5 Qc6 0-1

[Event "Titled Tuesday intern op 06th May Early"]
[Site "Chess.com INT"]
[Date "2025.05.06"]
[Round "9"]
[White "Setumadhav, Yellumahanthi"]
[Black "Fikiet, Alex M"]
[Result "0-1"]
[WhiteElo "2254"]
[BlackElo "2151"]
[PlyCount "104"]
[EventDate "2025.05.06"]
[EventType "swiss (blitz)"]
[EventRounds "11"]
[EventCountry "USA"]
[SourceTitle "CB20_2025"]
[SourceDate "2025.05.14"]
[SourceVersion "1"]
[SourceVersionDate "2025.05.14"]
[SourceQuality "1"]

1. e4 g6 2. d4 Nf6 3. Nc3 d5 4. e5 Ne4 5. Nxe4 dxe4 6. Bc4 c5 7. d5 Bg7 8. f4 0-0 9. Ne2 Nd7 10. Nc3 Nb6 11. Be2 f6 12. e6 f5 13. Be3 Qd6 14. Nb5 Qxd5 15. Nc7 Qc6 16. Nxa8 Nxa8 17. c3 Bxe6 18. 0-0 b5 19. a4 a6 20. axb5 axb5 21. Ra5 Nc7 22. Qa1 Rb8 23. Rd1 Nd5 24. Ra6 Qc8 25. Bc1 Bf7 26. Bf1 c4 27. Be2 b4 28. Kf1 bxc3 29. bxc3 Nxc3 30. Bb2 Nxd1 31. Bxg7 Ne3+ 32. Kf2 Nc2 33. Qc3 Qc5+ 34. Kg3 Qe3+ 35. Qxe3 Nxe3 36. Bd4 Nd5 37. Be5 Rc8 38. Kf2 c3 39. Ra1 c2 40. Rc1 Nb4 41. Ke3 Na2 42. Bb2 Nxc1 43. Bxc1 Rd8 44. Bd2 Bb3 45. Bb5 Rc8 46. Bc1 Rc3+ 47. Kd2 Rc5 48. Be2 e5 49. fxe5 Rxe5 50. Bb2 Rd5+ 51. Kc1 Rd1+ 52. Bxd1 cxd1Q# 0-1

[Event "Titled Tuesday intern op 06th May Early"]
[Site "Chess.com INT"]
[Date "2025.05.06"]
[Round "6"]
[White "Setumadhav, Yellumahanthi"]
[Black "Safarullakhan, Safin"]
[Result "1-0"]
[WhiteElo "2254"]
[BlackElo "2109"]
[PlyCount "57"]
[EventDate "2025.05.06"]
[EventType "swiss (blitz)"]
[EventRounds "11"]
[EventCountry "USA"]
[SourceTitle "CB20_2025"]
[SourceDate "2025.05.14"]
[SourceVersion "1"]
[SourceVersionDate "2025.05.14"]
[SourceQuality "1"]

1. e4 c5 2. Nf3 d6 3. d4 cxd4 4. Nxd4 Nf6 5. Nc3 g6 6. Be3 Bg7 7. f3 0-0 8. Qd2 Nc6 9. 0-0-0 d5 10. exd5 Nxd5 11. Nxc6 bxc6 12. Bd4 e5 13. Bc5 Re8 14. Ne4 Qc7 15. h4 f5 16. Nd6 Rd8 17. Nxc8 Raxc8 18. Bc4 h5 19. g4 Kh7 20. Kb1 hxg4 21. h5 Nf4 22. hxg6+ Kxg6 23. Qf2 Bf6 24. fxg4 fxg4 25. Bd3+ Nxd3 26. Rh6+ Kxh6 27. Qxf6+ Kh7 28. Rh1+ Kg8 29. Rh8# 1-0

[Event "Titled Tuesday intern op 01st Apr Early"]
[Site "Chess.com INT"]
[Date "2025.04.01"]
[Round "3"]
[White "Setumadhav, Yellumahanthi"]
[Black "Ashraf, Artin"]
[Result "0-1"]
[WhiteElo "2313"]
[BlackElo "2407"]
[PlyCount "72"]
[EventDate "2025.04.01"]
[EventType "swiss (blitz)"]
[EventRounds "11"]
[EventCountry "USA"]
[SourceTitle "CB15_2025"]
[SourceDate "2025.04.09"]
[SourceVersion "1"]
[SourceVersionDate "2025.04.09"]
[SourceQuality "1"]

1. e4 e6 2. d4 d5 3. Nc3 Nf6 4. e5 Nfd7 5. f4 c5 6. Nf3 Nc6 7. Be3 a6 8. a3 cxd4 9. Nxd4 Bc5 10. Qd2 Bxd4 11. Bxd4 Nxd4 12. Qxd4 Qb6 13. Qxb6 Nxb6 14. Ne2 g5 15. g3 gxf4 16. gxf4 Bd7 17. Rg1 Bb5 18. Nd4 Bxf1 19. Kxf1 Ke7 20. b3 Rhg8 21. Ke2 Nd7 22. Rg3 Rg6 23. Rxg6 hxg6 24. Rg1 Rh8 25. Nf3 Nc5 26. h4 Ne4 27. Ke3 Rc8 28. c4 b5 29. cxd5 exd5 30. Kd4 Nc5 31. Kxd5 Nxb3 32. Ng5 Rc4 33. h5 Nc5 34. h6 Na4 35. e6 Nc3+ 36. Ke5 f6# 0-1

[Event "Titled Tuesday intern op 01st Apr Early"]
[Site "Chess.com INT"]
[Date "2025.04.01"]
[Round "8"]
[White "Setumadhav, Yellumahanthi"]
[Black "Pfreundt, Jakob"]
[Result "0-1"]
[WhiteElo "2313"]
[BlackElo "2462"]
[PlyCount "94"]
[EventDate "2025.04.01"]
[EventType "swiss (blitz)"]
[EventRounds "11"]
[EventCountry "USA"]
[SourceTitle "CB15_2025"]
[SourceDate "2025.04.09"]
[SourceVersion "1"]
[SourceVersionDate "2025.04.09"]
[SourceQuality "1"]

1. e4 c6 2. d4 d5 3. e5 Bf5 4. h4 h5 5. Bd3 Bxd3 6. Qxd3 Qa5+ 7. Nd2 e6 8. Ngf3 Ne7 9. 0-0 Nf5 10. Nb3 Qb5 11. Qd1 c5 12. dxc5 Bxc5 13. a4 Qb6 14. Nxc5 Qxc5 15. c3 Nc6 16. Bg5 Rc8 17. Rc1 Qc4 18. b3 Qg4 19. Re1 0-0 20. Qd3 Nfe7 21. b4 Ng6 22. Nh2 Qc4 23. Qxc4 dxc4 24. Nf3 f6 25. exf6 gxf6 26. Rxe6 Nge5 27. Nxe5 Nxe5 28. Rxf6 Nd3 29. Rg6+ Kf7 30. Rf6+ Kg7 31. Rxf8 Rxf8 32. Rc2 Re8 33. Be3 a6 34. Kf1 Kg6 35. Re2 Kf5 36. Bd4 Re4 37. Rxe4 Kxe4 38. Bf6 Nf4 39. g3 Nd5 40. Bg7 Kd3 41. g4 Nf4 42. Be5 Ng6 43. Bf6 hxg4 44. h5 Nf8 45. h6 Nh7 46. Bg7 Ke4 47. Ke2 Ng5 0-1

[Event "IND-chT 44th"]
[Site "Ahmedabad"]
[Date "2025.03.07"]
[Round "4.1"]
[White "Setumadhav, Yellumahanthi"]
[Black "Rutherford, S."]
[Result "1-0"]
[WhiteElo "2313"]
[BlackElo "1917"]
[PlyCount "59"]
[EventDate "2025.03.05"]
[EventType "team-swiss"]
[EventRounds "9"]
[EventCountry "IND"]
[SourceTitle "CB12_2025"]
[SourceDate "2025.03.19"]
[SourceVersion "1"]
[SourceVersionDate "2025.03.19"]
[SourceQuality "1"]
[WhiteTeam "Andhra Pradesh"]
[BlackTeam "Tamil Nadu"]
[WhiteTeamCountry "IND"]
[BlackTeamCountry "IND"]

1. e4 d6 2. d4 Nd7 3. Nc3 g6 4. f4 Bg7 5. Nf3 a6 6. a4 h5 7. Bc4 e6 8. f5 Nb6 9. Bb3 a5 10. fxg6 f6 11. Ne2 Bd7 12. Nf4 Qe7 13. 0-0 h4 14. h3 0-0-0 15. Qe1 e5 16. Ne2 f5 17. exf5 e4 18. Ng5 Rh5 19. Ne6 Re8 20. Qc3 Bc6 21. Nxg7 Qxg7 22. d5 Qxc3 23. Nxc3 Bd7 24. f6 Bf5 25. f7 Rf8 26. fxg8Q Rxg8 27. Be3 Nd7 28. Rf2 Rxg6 29. Raf1 Bxh3 30. Ne2 1-0

[Event "Titled Tuesday intern op 04th Feb Early"]
[Site "Chess.com INT"]
[Date "2025.02.04"]
[Round "7"]
[White "Cumpe, Lucas"]
[Black "Setumadhav, Yellumahanthi"]
[Result "0-1"]
[WhiteElo "2294"]
[BlackElo "2313"]
[PlyCount "72"]
[EventDate "2025.02.04"]
[EventType "swiss (blitz)"]
[EventRounds "11"]
[EventCountry "USA"]
[SourceTitle "CB07_2025"]
[SourceDate "2025.02.12"]
[SourceVersion "1"]
[SourceVersionDate "2025.02.12"]
[SourceQuality "1"]

1. e4 e5 2. Nf3 Nc6 3. d4 exd4 4. Bc4 Nf6 5. 0-0 Nxe4 6. Re1 d5 7. Ng5 Be7 8. Nxf7 Kxf7 9. Qh5+ Kf8 10. Bxd5 Nd6 11. Bf4 Qe8 12. Qf3 Nf5 13. g4 Nh4 14. Qe4 Bxg4 15. Bg3 Qg6 16. Bxc6 Nf3+ 17. Kh1 Nxe1 18. Qxe1 Qxc6+ 19. Kg1 Bh3 20. f3 Qxf3 21. Qf2 Qxf2+ 22. Kxf2 Bd6 23. Bxd6+ cxd6 24. Nd2 Re8 25. Nf3 Bf5 26. Nxd4 Bd7 27. Rd1 Ke7 28. Ke3 Rhf8 29. Kd3 Kd8 30. Rg1 g6 31. c4 Re5 32. b4 Rh5 33. Rg2 Rf4 34. Ke3 Rfh4 35. Nf3 Rh3 36. Kf4 Rxf3+ 0-1

[Event "Titled Tuesday intern op 04th Feb Early"]
[Site "Chess.com INT"]
[Date "2025.02.04"]
[Round "3"]
[White "Djokic, Mihailo"]
[Black "Setumadhav, Yellumahanthi"]
[Result "1-0"]
[WhiteElo "2219"]
[BlackElo "2313"]
[PlyCount "127"]
[EventDate "2025.02.04"]
[EventType "swiss (blitz)"]
[EventRounds "11"]
[EventCountry "USA"]
[SourceTitle "CB07_2025"]
[SourceDate "2025.02.12"]
[SourceVersion "1"]
[SourceVersionDate "2025.02.12"]
[SourceQuality "1"]

1. e4 e5 2. Nf3 Nc6 3. Nc3 Nf6 4. Bb5 Bd6 5. Bxc6 dxc6 6. d4 exd4 7. Qxd4 c5 8. Qd3 Nd7 9. Bg5 f6 10. Be3 0-0 11. 0-0-0 a6 12. Rhe1 Kh8 13. h4 b5 14. h5 c4 15. Qd2 Bb7 16. h6 g6 17. Bf4 Nc5 18. Bxd6 cxd6 19. Qxd6 Qxd6 20. Rxd6 Rad8 21. Red1 Rxd6 22. Rxd6 b4 23. Nd5 Nxe4 24. Rd7 Bxd5 25. Rxd5 Nxf2 26. Rd4 Rc8 27. Kd2 f5 28. Ne5 Ne4+ 29. Ke3 Kg8 30. g4 Re8 31. Kf4 g5+ 32. Kxf5 Ng3+ 33. Kf6 Ne2 34. Rxc4 Nf4 35. Kxg5 Nd5 36. Re4 Re7 37. Re1 Re6 38. Nd3 Rg6+ 39. Kh4 Nf6 40. Kg3 Rxg4+ 41. Kf3 Rg6 42. Re6 Nd5 43. Rxg6+ hxg6 44. Ke4 Nf6+ 45. Ke5 Ng4+ 46. Kf4 Nxh6 47. Nxb4 Kg7 48. Nxa6 Kf6 49. Nc5 g5+ 50. Kf3 Nf5 51. a4 Nd4+ 52. Ke4 Nc6 53. c3 Ne5 54. Kd5 g4 55. a5 Kf5 56. Ne4 Nd7 57. a6 Nf6+ 58. Nxf6 g3 59. Ne4 g2 60. Ng3+ Kg4 61. Ne2 Kf3 62. Ng1+ Kf2 63. a7 Kxg1 64. a8Q 1-0

[Event "Titled Tuesday intern op 04th Feb Early"]
[Site "Chess.com INT"]
[Date "2025.02.04"]
[Round "1"]
[White "Nguyen, Ngoc Truong Son"]
[Black "Setumadhav, Yellumahanthi"]
[Result "1/2-1/2"]
[WhiteElo "2632"]
[BlackElo "2313"]
[PlyCount "49"]
[EventDate "2025.02.04"]
[EventType "swiss (blitz)"]
[EventRounds "11"]
[EventCountry "USA"]
[SourceTitle "CB07_2025"]
[SourceDate "2025.02.12"]
[SourceVersion "1"]
[SourceVersionDate "2025.02.12"]
[SourceQuality "1"]

1. e4 e5 2. Nf3 Nc6 3. Bc4 Nf6 4. d3 Bc5 5. c3 d6 6. b4 Bb6 7. a4 a5 8. b5 Ne7 9. Nbd2 Ng6 10. 0-0 0-0 11. Qb3 c6 12. Rb1 Bc7 13. b6 Bb8 14. Qc2 d5 15. Ba2 Bd6 16. d4 dxe4 17. Nxe4 Bf5 18. Nxf6+ Qxf6 19. Qe2 Bxb1 20. Bg5 Qf5 21. Bxb1 Qe6 22. Ba2 Qf5 23. Bb1 Qe6 24. Ba2 Qf5 25. Bb1 1/2-1/2

[Event "Titled Tuesday intern op 04th Feb Early"]
[Site "Chess.com INT"]
[Date "2025.02.04"]
[Round "5"]
[White "Setumadhav, Yellumahanthi"]
[Black "Moldagali, Beksultan"]
[Result "1-0"]
[WhiteElo "2313"]
[BlackElo "2398"]
[PlyCount "123"]
[EventDate "2025.02.04"]
[EventType "swiss (blitz)"]
[EventRounds "11"]
[EventCountry "USA"]
[SourceTitle "CB07_2025"]
[SourceDate "2025.02.12"]
[SourceVersion "1"]
[SourceVersionDate "2025.02.12"]
[SourceQuality "1"]

1. Nf3 d5 2. e3 Nf6 3. c4 e6 4. Nc3 Be7 5. b3 c5 6. cxd5 exd5 7. d4 Nc6 8. dxc5 Bxc5 9. Na4 Bb4+ 10. Bd2 Be7 11. Bd3 0-0 12. 0-0 Ne4 13. Nc3 Nxd2 14. Qxd2 Be6 15. Nb5 Bf6 16. Rac1 Rc8 17. Nbd4 Bg4 18. Bf5 Bxf5 19. Nxf5 Qd7 20. e4 Rfd8 21. Qxd5 Qxd5 22. exd5 Rxd5 23. Ne3 Rd3 24. Ng4 Bc3 25. Nfe5 Nxe5 26. Nxe5 Rdd8 27. Nc4 Bd4 28. Na5 Rxc1 29. Rxc1 Bb2 30. Rb1 b6 31. Nc6 Rd2 32. a4 a5 33. Kf1 Rc2 34. Ne7+ Kf8 35. Nf5 g6 36. Ne3 Rc1+ 37. Rxc1 Bxc1 38. Nc4 Ke7 39. Nxb6 Ba3 40. Ke2 Ke6 41. f3 Bc5 42. Nc4 Bb4 43. g3 Kd5 44. Kd3 f5 45. Ne3+ Kc5 46. g4 fxg4 47. fxg4 Be1 48. h3 Bh4 49. Nc4 Bd8 50. Ne5 Be7 51. Nf7 Kb4 52. Kc2 h5 53. gxh5 gxh5 54. Ne5 Kc5 55. Ng6 Bf6 56. Nf4 h4 57. Kd3 Kb4 58. Kc2 Bg5 59. Nd3+ Ka3 60. Ne5 Bd8 61. Nc6 Bc7 62. Ne7 1-0

[Event "Titled Tuesday intern op 28th Jan Early"]
[Site "Chess.com INT"]
[Date "2025.01.28"]
[Round "4"]
[White "Setumadhav, Yellumahanthi"]
[Black "Haddouche, Mohamed Amine"]
[Result "0-1"]
[WhiteElo "2334"]
[BlackElo "2490"]
[PlyCount "54"]
[EventDate "2025.01.28"]
[EventType "swiss (blitz)"]
[EventRounds "11"]
[EventCountry "USA"]
[SourceTitle "CB06_2025"]
[SourceDate "2025.02.05"]
[SourceVersion "1"]
[SourceVersionDate "2025.02.05"]
[SourceQuality "1"]

1. Nf3 Nf6 2. e3 g6 3. d4 Bg7 4. c4 0-0 5. Nc3 d6 6. Be2 Nbd7 7. 0-0 e5 8. b4 e4 9. Nd2 Re8 10. Qc2 Qe7 11. a4 Nf8 12. a5 h5 13. Ba3 Bf5 14. a6 b6 15. Rfc1 Ne6 16. Nd5 Nxd5 17. cxd5 Nxd4 18. exd4 e3 19. Bd3 exd2 20. Qxd2 Bxd3 21. Qxd3 Qd7 22. Rc6 Re7 23. h3 Rae8 24. Qc4 Re1+ 25. Rxe1 Rxe1+ 26. Kh2 Qf5 27. Qc2 Qf4+ 0-1

[Event "Titled Tuesday intern op 28th Jan Early"]
[Site "Chess.com INT"]
[Date "2025.01.28"]
[Round "2"]
[White "Shirov, Alexei"]
[Black "Setumadhav, Yellumahanthi"]
[Result "1-0"]
[WhiteElo "2648"]
[BlackElo "2334"]
[PlyCount "59"]
[EventDate "2025.01.28"]
[EventType "swiss (blitz)"]
[EventRounds "11"]
[EventCountry "USA"]
[SourceTitle "CB06_2025"]
[SourceDate "2025.02.05"]
[SourceVersion "1"]
[SourceVersionDate "2025.02.05"]
[SourceQuality "1"]

1. e4 e5 2. Nf3 Nc6 3. Bb5 a6 4. Ba4 Nf6 5. 0-0 d6 6. Re1 Bd7 7. c3 g6 8. d4 Bg7 9. a3 0-0 10. h3 b5 11. Bc2 a5 12. Nbd2 a4 13. Nf1 Re8 14. Ng3 Na5 15. Bg5 h6 16. Be3 Nc4 17. Qc1 Kh7 18. Bd3 Nxe3 19. Qxe3 Qe7 20. Rad1 c5 21. Qe2 Rab8 22. Rd2 Bc6 23. dxc5 dxc5 24. Red1 h5 25. Bb1 Bh6 26. Rd6 Ba8 27. Nh4 Rbd8 28. Nhf5 gxf5 29. Nxf5 Rxd6 30. Rxd6 1-0

[Event "Titled Tuesday intern op 14th Jan Early"]
[Site "Chess.com INT"]
[Date "2025.01.14"]
[Round "1"]
[White "Ashraf, Artin"]
[Black "Setumadhav, Yellumahanthi"]
[Result "1-0"]
[WhiteElo "2407"]
[BlackElo "2334"]
[PlyCount "77"]
[EventDate "2025.01.14"]
[EventType "swiss (blitz)"]
[EventRounds "11"]
[EventCountry "USA"]
[SourceTitle "CB04_2025"]
[SourceDate "2025.01.22"]
[SourceVersion "1"]
[SourceVersionDate "2025.01.22"]
[SourceQuality "1"]

1. d4 Nf6 2. Nf3 d5 3. c4 e6 4. Bg5 Bb4+ 5. Nc3 h6 6. Bxf6 Qxf6 7. Qb3 c5 8. e3 0-0 9. cxd5 exd5 10. dxc5 Bxc3+ 11. bxc3 Be6 12. Nd4 Nd7 13. Be2 Nxc5 14. Qb4 Rac8 15. 0-0 b6 16. a4 Ne4 17. Ra3 Rc5 18. f3 Nd2 19. Rd1 Nc4 20. Bxc4 Rxc4 21. Qd6 Rfc8 22. Ne2 Qg6 23. Ra2 R4c6 24. Qg3 Qxg3 25. hxg3 d4 26. Ra3 dxc3 27. Rc1 c2 28. Nd4 Rc4 29. a5 Bd7 30. axb6 axb6 31. Ra2 Ba4 32. Rb2 b5 33. Kf2 b4 34. Ke2 Rd8 35. Kd3 Rc3+ 36. Kd2 Rc4 37. Ke2 Rdc8 38. Nf5 b3 39. Nd6 1-0

[Event "Titled Tuesday intern op 14th Jan Early"]
[Site "Chess.com INT"]
[Date "2025.01.14"]
[Round "2"]
[White "Setumadhav, Yellumahanthi"]
[Black "De Lima, Adriano Gaspar"]
[Result "1-0"]
[WhiteElo "2334"]
[BlackElo "2073"]
[PlyCount "67"]
[EventDate "2025.01.14"]
[EventType "swiss (blitz)"]
[EventRounds "11"]
[EventCountry "USA"]
[SourceTitle "CB04_2025"]
[SourceDate "2025.01.22"]
[SourceVersion "1"]
[SourceVersionDate "2025.01.22"]
[SourceQuality "1"]

1. c4 Nf6 2. Nc3 g6 3. d4 Bg7 4. e4 d6 5. h3 0-0 6. Be3 e5 7. d5 Nbd7 8. g4 Nc5 9. f3 a5 10. Qd2 Bd7 11. Nge2 Rb8 12. Ng3 Ne8 13. h4 f5 14. exf5 gxf5 15. gxf5 Bxf5 16. Nxf5 Rxf5 17. Be2 Nf6 18. 0-0-0 Nh5 19. Rdg1 Kh8 20. Rg5 Qd7 21. Bxc5 dxc5 22. Bd3 Bh6 23. Bxf5 Qxf5 24. Rxf5 Bxd2+ 25. Kxd2 Ng3 26. Rxe5 Nxh1 27. Re7 c6 28. d6 Kg8 29. Ne4 Rd8 30. Nf6+ Kf8 31. Nxh7+ Kg8 32. Nf6+ Kf8 33. Nh7+ Kg8 34. d7 1-0

[Event "Titled Tuesday intern op 14th Jan Early"]
[Site "Chess.com INT"]
[Date "2025.01.14"]
[Round "9"]
[White "Setumadhav, Yellumahanthi"]
[Black "Schwabeneder, Florian"]
[Result "1-0"]
[WhiteElo "2334"]
[BlackElo "2421"]
[PlyCount "61"]
[EventDate "2025.01.14"]
[EventType "swiss (blitz)"]
[EventRounds "11"]
[EventCountry "USA"]
[SourceTitle "CB04_2025"]
[SourceDate "2025.01.22"]
[SourceVersion "1"]
[SourceVersionDate "2025.01.22"]
[SourceQuality "1"]

1. d4 Nf6 2. c4 c5 3. d5 e5 4. Nc3 d6 5. e4 Nbd7 6. Nf3 a6 7. h3 g6 8. Be2 Bg7 9. Be3 Nh5 10. g3 0-0 11. Nd2 Nhf6 12. g4 Ne8 13. h4 Nc7 14. a4 Rb8 15. Nf1 b6 16. Ng3 Bf6 17. g5 Bg7 18. h5 Re8 19. Kd2 b5 20. axb5 axb5 21. cxb5 Nb6 22. Qg1 Bd7 23. Qh2 Ra8 24. hxg6 hxg6 25. Qh7+ Kf8 26. Rag1 Na4 27. Nf5 gxf5 28. exf5 Bxf5 29. Qxf5 Nxc3 30. bxc3 Nxd5 31. Bc4 1-0

[Event "Bhubaneswar Odisha op"]
[Site "Bhubaneswar"]
[Date "2024.12.18"]
[Round "5"]
[White "Mrudul, Dehankar"]
[Black "Setumadhav, Yellumahanthi"]
[Result "1/2-1/2"]
[WhiteElo "2055"]
[BlackElo "2341"]
[PlyCount "82"]
[EventDate "2024.12.15"]
[EventType "swiss"]
[EventRounds "10"]
[EventCountry "IND"]
[SourceTitle "CB52_2024"]
[SourceDate "2024.12.25"]
[SourceVersion "1"]
[SourceVersionDate "2024.12.25"]
[SourceQuality "1"]

1. e4 e5 2. Nf3 Nc6 3. Bb5 a6 4. Ba4 d6 5. 0-0 Bd7 6. c3 g6 7. d4 Bg7 8. h3 Nf6 9. Re1 0-0 10. Bc2 b5 11. Nbd2 a5 12. a4 bxa4 13. dxe5 Nxe5 14. Nxe5 dxe5 15. Nc4 Nh5 16. Bxa4 Be6 17. Ne3 Nf4 18. Qf3 f5 19. exf5 gxf5 20. Bc6 Nd3 21. Rd1 Ra6 22. Bb5 Rd6 23. Bc4 e4 24. Qh5 Bxc4 25. Nxc4 Rc6 26. Ne3 Rc5 27. Nc2 Kh8 28. Ne1 f4 29. Qxc5 Nxc5 30. Rxd8 Rxd8 31. Bxf4 a4 32. Bxc7 Rd2 33. Bb6 Bf8 34. Rb1 Kg8 35. c4 Kf7 36. Ba5 Rd4 37. Nc2 Rxc4 38. Ne3 Rd4 39. Bc3 Rd3 40. Rd1 Bg7 41. Rxd3 Nxd3 1/2-1/2

[Event "Titled Tuesday intern op 24th Sep Early"]
[Site "Chess.com INT"]
[Date "2024.09.24"]
[Round "6"]
[White "Setumadhav, Yellumahanthi"]
[Black "Kshatriya, Nitin Vekhande"]
[Result "0-1"]
[WhiteElo "2344"]
[BlackElo "2133"]
[PlyCount "84"]
[EventDate "2024.09.24"]
[EventType "swiss (blitz)"]
[EventRounds "11"]
[EventCountry "USA"]
[SourceTitle "EXT 2025"]
[Source "ChessBase"]
[SourceDate "2024.10.14"]
[SourceVersion "1"]
[SourceVersionDate "2024.10.14"]
[SourceQuality "1"]

1. d4 Nf6 2. c4 e6 3. Nf3 d5 4. Nc3 Be7 5. Bf4 0-0 6. e3 c5 7. dxc5 Bxc5 8. Qc2 Nc6 9. a3 Qa5 10. Rd1 Be7 11. Be2 Ne4 12. 0-0 Nxc3 13. bxc3 dxc4 14. Bxc4 h6 15. a4 a6 16. Bd3 e5 17. Bg3 Be6 18. Be4 f6 19. Nh4 Bf7 20. Bh7+ Kh8 21. Bg6 Kg8 22. Rd7 Rad8 23. Bxf7+ Rxf7 24. Rxb7 Qd5 25. e4 Qc4 26. Rc7 Bf8 27. Rxf7 Kxf7 28. f4 Nd4 29. Qf2 Bc5 30. Kh1 Nf5 31. Qf3 Nxh4 32. Bxh4 exf4 33. Qxf4 Be3 34. Qf3 Rd3 35. e5 Bg5 36. Qb7+ Kg6 37. Bxg5 hxg5 38. Rg1 Rxc3 39. exf6 gxf6 40. Qe7 Rc2 41. Qe8+ Kf5 42. g4+ Kf4 0-1